[Event "88th UKR-ch 2019"]
[Site "Lutsk"]
[Date "2019.12.10"]
[Round "1"]
[White "Kuzubov, Yuriy"]
[Black "Kryvoruchko, Yuriy"]
[Result "1/2-1/2"]
[WhiteElo "2667"]
[BlackElo "2675"]
[Annotator "TA"]
[PlyCount "41"]
[EventDate "2019.??.??"]
[EventCountry "UKR"]
[SourceTitle "playchess.com"]
[Source "ChessBase"]
[SourceQuality "1"]

{[%evp 12,41,13,20,31,9,29,29,28,22,26,14,26,16,32,35,43,0,0,0,0,0,0,0,0,-28,-10,-5,-6,0,0,-6]} 1. d4 Nf6 2. c4 e6 3. Nf3 d5 4. Nc3 Be7 5. Bf4 O-O 6. e3 b6 7. Bd3 dxc4 {D37: Queen's Gambit Declined: 5 Bf4} 8. Bxc4 Ba6 9. Qe2 (9. Bxa6 Nxa6 10. Qe2 Qc8 11. O-O Qb7 12. a3 c5 13. Nb5 Rac8 14. b4 Nd5 15. bxc5 bxc5 {1-0 (57) Ding,L (2805)-Caruana,F (2818) Saint Louis 2019}) 9... Bxc4 {White has an edge.} 10. Qxc4 c5 11. O-O Qc8 12. Rac1 Qb7 13. dxc5 Bxc5 {[#]} 14. e4 $146 ({Predecessor:} 14. Rfd1 Nbd7 15. h3 {1-0 (42) Girya,O (2505)-Ovod,E (2379) Sochi 2017}) 14... Rc8 15. Qe2 Bb4 16. Nb5 {[#] Strongly threatening Nc7.} Na6 17. a3 Bf8 18. Nd2 Rxc1 19. Rxc1 {The position is equal.} Nc5 {[%cal Rc5e4]} 20. e5 Nd5 21. Bg3 {Accuracy: White = 58%, Black = 58%.} 1/2-1/2

[Event "88th UKR-ch 2019"]
[Site "Lutsk"]
[Date "2019.12.10"]
[Round "1"]
[White "Moiseenko, Alexander"]
[Black "Eljanov, Pavel"]
[Result "1/2-1/2"]
[WhiteElo "2623"]
[BlackElo "2663"]
[Annotator "TA"]
[PlyCount "54"]
[EventDate "2019.??.??"]
[EventCountry "UKR"]
[SourceTitle "playchess.com"]
[Source "ChessBase"]
[SourceQuality "1"]

{[%evp 25,54,0,0,0,0,0,8,15,20,25,15,11,9,9,9,9,9,11,11,11,11,10,8,10,12,8,12,11,12,9,15]} 1. d4 Nf6 2. c4 e6 3. Nf3 b6 4. g3 Bb7 5. Bg2 Be7 6. O-O O-O 7. d5 exd5 8. Nh4 c6 9. cxd5 Nxd5 10. Nf5 Nc7 11. e4 d5 12. Nc3 Bf6 13. exd5 cxd5 14. Bf4 {[#] Black must now prevent Bxc7. E17: Queen's Indian: 4 g3 Bb7 5 Bg2 Be7} Nba6 15. Re1 Bc8 16. Nd6 Be6 17. Nxd5 Nxd5 18. Bxd5 {The position is equal.} Bxd5 19. Qxd5 Bxb2 20. Rad1 {[#] Threatens to win with Qc4.} Nc5 21. h4 h6 $1 22. Re2 $36 {[%mdl 2048] [#] White is pushing.} Qf6 $146 ({Predecessor:} 22... Bf6 23. Qf3 Ne6 24. Re4 Nxf4 25. Rxf4 Be5 26. Nxf7 Qc7 27. Nxe5 {½-½ (27) Ragger,M (2666)-Gajewski,G (2653) Haguenau 2013}) 23. Nxf7 Qxf7 24. Rxb2 Qxd5 25. Rxd5 Rfd8 26. Rbd2 Rxd5 27. Rxd5 Kf7 1/2-1/2

[Event "88th UKR-ch 2019"]
[Site "Lutsk"]
[Date "2019.12.10"]
[Round "1"]
[White "Shtembuliak, Evgeny"]
[Black "Volokitin, Andrei"]
[Result "1-0"]
[WhiteElo "2600"]
[BlackElo "2641"]
[Annotator "TA"]
[PlyCount "69"]
[EventDate "2019.??.??"]
[EventCountry "UKR"]
[SourceTitle "playchess.com"]
[Source "ChessBase"]
[SourceQuality "1"]

{[%evp 26,69,30,1,14,0,0,0,0,0,24,0,0,0,0,0,0,0,9,-9,-9,-14,0,0,0,-72,0,0,0,0,0,0,70,79,75,66,343,343,1095,690,672,644,29986,29987,29998,29999]} 1. d4 Nf6 2. c4 e6 3. Nf3 d5 4. Nc3 c5 5. cxd5 Nxd5 6. e4 Nxc3 7. bxc3 cxd4 8. cxd4 Bb4+ 9. Bd2 Bxd2+ 10. Qxd2 O-O 11. Bc4 Nd7 12. O-O b6 13. Rfe1 Bb7 14. Rad1 Rc8 {D41: Queen's Gambit Declined: Semi-Tarrasch with 5 cxd5} 15. Bb3 Re8 16. d5 (16. h3 Nf6 17. Qf4 Nh5 18. Qh2 h6 19. Nd2 b5 20. Qe5 Qg5 21. Qxg5 hxg5 22. Nf3 {½-½ (52) Mamedyarov,S (2774)-Ding,L (2805) Zagreb 2019}) 16... exd5 {The position is equal.} 17. exd5 Qf6 18. Rxe8+ $146 ({Predecessor:} 18. h3 h6 19. Re3 Rxe3 20. Qxe3 Nc5 21. d6 Bxf3 22. d7 {½-½ (32) Serrano Salvador,E (2305)-Pulpan,J (2418) Ostrava 2019}) 18... Rxe8 19. Ba4 Rd8 {Black wants to play ...Nc5.} 20. Bc6 Nc5 21. Nd4 Ba6 22. Qe3 Bc4 23. h3 Bxa2 24. Nb5 a5 (24... a6 $11 25. Nc7 Qd6) 25. Nc7 $17 Qh6 ({Black should play} 25... h6 $1 $17) 26. Qe2 $11 Qf4 27. Ne8 Bb3 28. Re1 $40 {[%cal Bd1e1,Be1e3,Be3f3,Bf3f6][%mdl 160] Qe7 is the strong threat. White mounts an attack.} h6 ({Inferior is} 28... Bxd5 29. Bxd5 h6 30. Qb2 $16) ({Black should try} 28... h5 $11) 29. Qb2 $1 $14 {[%csl Ge8][%cal Rb2g7][%mdl 1024] White has compensation.} f6 {Hoping for ...Nd3.} 30. Re3 $1 {Strongly threatening g3.} Kf8 $2 {[%mdl 8192]} ({Don't go for} 30... Bxd5 $2 31. Bxd5+ Rxd5 32. Qa2 $18) (30... a4 $14) 31. Rf3 $1 $18 {[%cal Rf3f4]} Qg5 $2 {[#]} (31... Qxf3 32. gxf3 Rxe8 33. Bxe8 Kxe8 34. Qe2+ Kf7) 32. h4 $1 {[%cal Rh4g5]} Qxh4 {[#]} 33. Nxf6 $1 {Intending Ne8+ and mate.} gxf6 34. Rxf6+ Kg8 35. Rg6+ {Accuracy: White = 89%, Black = 39%.} 1-0

[Event "88th UKR-ch 2019"]
[Site "Lutsk"]
[Date "2019.12.10"]
[Round "1"]
[White "Vysochin, Spartak"]
[Black "Bernadskiy, Vitaliy"]
[Result "1-0"]
[WhiteElo "2512"]
[BlackElo "2593"]
[Annotator "TA"]
[PlyCount "119"]
[EventDate "2019.??.??"]
[EventCountry "UKR"]
[SourceTitle "playchess.com"]
[Source "ChessBase"]
[SourceQuality "1"]

{[%evp 9,119,27,36,27,41,33,36,34,41,37,41,43,42,27,43,39,37,30,35,41,41,30,41,27,111,112,102,122,140,66,66,68,108,110,110,125,119,103,152,144,139,153,164,146,161,155,169,147,144,141,158,155,236,231,556,550,510,418,444,463,460,408,456,446,443,408,454,444,417,372,361,0,347,308,366,313,365,349,514,500,617,578,786,700,12847,12847,12849,1514,12843,12843,12844,12844,12845,12839,12839,12835,12837,12836,12836,12836,12837,12837,12840,12840,12845,12845,12846,12846,12847,12846,12850,12849]} 1. e4 e5 2. Bc4 Nf6 3. d3 c6 4. Nf3 d6 5. O-O h6 (5... Be7 6. Bb3 O-O 7. c3 Nbd7 8. Re1 Nc5 9. Bc2 Bg4 10. Nbd2 Ne6 11. h3 Bh5 12. Nf1 Nd7 13. g4 Bg6 14. Ng3 Ng5 15. Bxg5 Bxg5 16. d4 Bf4 17. Ne2 Qf6 18. Kg2 exd4 19. Nfxd4 {1-0 (33) Carlsen,M (2840)-Wei,Y (2706) Wijk aan Zee 2017}) 6. Re1 {C24: Bishop's Opening: 2...Nf6} Nbd7 7. c3 g6 $146 ({Predecessor:} 7... Nb6 8. Bb3 Bg4 9. Be3 Be7 10. Nbd2 d5 11. Bxb6 Qxb6 12. exd5 {1-0 (25) Krneta,S (1715)-Alefs,W (1646) Wesel Undeloh 2005}) 8. d4 {White is slightly better.} Bg7 9. dxe5 dxe5 10. a4 O-O 11. Nbd2 Qe7 12. Bf1 Rd8 13. Qc2 b6 14. Nc4 Bb7 15. b4 c5 16. Ba3 Bxe4 (16... cxb4 $11 {remains equal.} 17. Bxb4 Nc5) 17. Rxe4 $16 Nxe4 18. Qxe4 f5 19. Qe1 (19. Qb7 $16) 19... e4 $14 20. bxc5 Nxc5 {[#]} 21. Nd4 $1 {[%mdl 512]} Qf6 (21... Bxd4 22. cxd4) 22. a5 Kh7 23. Rb1 {[%cal Ra5b6]} Na4 24. axb6 axb6 25. Bb4 Rac8 {[#]} 26. g3 $1 Qf7 {[#]} 27. Ne3 $1 Bxd4 28. cxd4 Rxd4 29. Bb5 Nc5 30. Qc3 $36 {[%mdl 2048] White is in control.} Rdd8 (30... Rcd8 $16) 31. Bc4 $18 Qb7 $2 (31... Ne6 {is tougher.} 32. Qb3 Rxc4) 32. Bxc5 Rxc5 33. Bg8+ Rxg8 {[#]} 34. Qxc5 $1 {[%mdl 512]} bxc5 35. Rxb7+ {[%mdl 4096] Endgame KRN-KR} Rg7 36. Rb6 Rf7 37. Rc6 g5 38. Nd5 Kg7 39. Nc3 Re7 40. Nd5 Rf7 $1 41. Rxc5 f4 42. Nc3 e3 43. fxe3 fxg3 (43... fxe3 $142 44. Re5 Kg6 45. Rxe3 Rc7) 44. h3 {White is clearly winning.} Rf2 45. Ne4 Rh2 46. Nxg3 Rxh3 47. Kg2 g4 48. e4 (48. Rh5 $142 Rxh5 49. Nxh5+ Kg6 50. Nf4+ Kf5 51. Kg3) 48... Kg6 49. e5 h5 50. Rc6+ Kg5 51. Rf6 Kh4 52. Ne4 {White threatens Rf1 and mate.} Re3 53. Rf4 Re2+ 54. Kf1 Ra2 55. e6 Ra5 56. Nd6 Kg3 57. Re4 Ra1+ 58. Re1 Ra2 59. Ne4+ Kh2 60. Re2+ {Accuracy: White = 77%, Black = 44%.} 1-0

[Event "88th UKR-ch 2019"]
[Site "Lutsk"]
[Date "2019.12.11"]
[Round "2.1"]
[White "Volokitin, Andrei"]
[Black "Bernadskiy, Vitaliy"]
[Result "1/2-1/2"]
[WhiteElo "2641"]
[BlackElo "2593"]
[Annotator "ChessBase"]
[PlyCount "40"]
[EventDate "2019.12.10"]
[EventType "tourn"]
[EventCountry "UKR"]
[SourceTitle "playchess.com"]
[Source "ChessBase"]
[SourceQuality "1"]
[TimeControl "40/5400+30:1800+30"]

1. e4 {[%emt 0:00:00]} c5 {[%emt 0:00:00]} 2. Nf3 {[%emt 0:00:00]} Nc6 {[%emt 0:00:00]} 3. Bb5 {[%emt 0:00:00]} d6 {[%emt 0:00:00]} 4. O-O {[%emt 0:00:03]} Bd7 {[%emt 0:00:00]} 5. Re1 {[%emt 0:00:14]} Nf6 {[%emt 0:00:00]} 6. c3 {[%emt 0:00:16]} a6 {[%emt 0:00:00]} 7. Bf1 {[%emt 0:00:29]} Bg4 {[%emt 0:00:02]} 8. d4 {[%emt 0:00:15]} cxd4 {[%emt 0:02:37]} 9. cxd4 {[%emt 0:00:10]} e5 {[%emt 0:00:24]} 10. d5 {[%emt 0:00:11]} Nd4 {[%emt 0:00:10]} 11. Be3 {[%emt 0:00:08]} Nxf3+ {[%emt 0:12:28]} 12. gxf3 {[%emt 0:00:48]} Bh5 {[%emt 0:00:03]} 13. Nd2 {[%emt 0:09:52]} Be7 {[%emt 0:01:44]} 14. Bh3 {[%emt 0:19:16]} O-O {[%emt 0:01:22]} 15. Qb3 {[%emt 0:00:16]} b5 {[%emt 0:03:32]} 16. a4 {[%emt 0:00:47]} Rb8 {[%emt 0:02:51]} 17. axb5 {[%emt 0:06:35]} Rxb5 {[%emt 0:00:04]} 18. Qa3 {[%emt 0:13:41]} Nd7 {[%emt 0:01:47]} 19. Qxa6 {[%emt 0:22:08]} Rxb2 {[%emt 0:00:33]} 20. Nc4 {[%emt 0:00:05]} Rb4 {[%emt 0:03:45]} 1/2-1/2

[Event "88th UKR-ch 2019"]
[Site "Lutsk"]
[Date "2019.12.11"]
[Round "2.2"]
[White "Eljanov, Pavel"]
[Black "Vysochin, Spartak"]
[Result "*"]
[WhiteElo "2663"]
[BlackElo "2512"]
[Annotator "TA"]
[PlyCount "21"]
[EventDate "2019.12.10"]
[EventType "tourn"]
[EventCountry "UKR"]
[SourceTitle "playchess.com"]
[Source "ChessBase"]
[SourceQuality "1"]

{[%evp 15,21,0,18,0,-7,0,0,0]} 1. d4 Nf6 2. c4 g6 3. Nc3 d5 4. cxd5 Nxd5 5. e4 Nxc3 6. bxc3 Bg7 7. Bb5+ c6 8. Ba4 O-O {The position is equal.} 9. Nf3 {D85: Exchange Grünfeld: Unusual White 7th moves and lines with 7 Nf3} (9. Ne2 e5 10. O-O Nd7 11. Be3 Qe7 12. Bc2 Nb6 13. f4 exd4 14. Bxd4 Rd8 15. f5 Bxd4+ 16. cxd4 c5 17. Qd2 Nc4 18. Qd3 Ne5 19. Qa3 Nc4 {1-0 (36) Radjabov,T (2758)-Xiong,J (2707) Khanty-Mansiysk 2019}) 9... Qa5 10. O-O Qxc3 11. Rb1 $146 ({Predecessor:} 11. Bg5 Bg4 12. Bxe7 Re8 13. Bc5 Nd7 14. Rc1 Qa5 15. Bb3 Nxc5 16. Rxc5 Qd8 17. h3 Bxf3 18. Qxf3 Qe7 19. e5 Rad8 20. Rd1 Rf8 {½-½ (20) Tsiganova,M (2260)-Richtrova,E (2370) Germany 1994}) *

[Event "88th UKR-ch 2019"]
[Site "Lutsk"]
[Date "2019.12.11"]
[Round "2.2"]
[White "Shtembuliak, Evgeny"]
[Black "Kovchan, Alexander"]
[Result "1/2-1/2"]
[WhiteElo "2600"]
[BlackElo "2572"]
[Annotator "ChessBase"]
[PlyCount "34"]
[EventDate "2019.12.10"]
[EventType "tourn"]
[EventCountry "UKR"]
[SourceTitle "playchess.com"]
[Source "ChessBase"]
[SourceQuality "1"]
[TimeControl "40/5400+30:1800+30"]

1. d4 {[%emt 0:00:00]} Nf6 {[%emt 0:00:00]} 2. c4 {[%emt 0:00:00]} g6 {[%emt 0:00:00]} 3. Nc3 {[%emt 0:00:00]} d5 {[%emt 0:00:05]} 4. cxd5 {[%emt 0:00:00]} Nxd5 {[%emt 0:00:04]} 5. e4 {[%emt 0:00:05]} Nxc3 {[%emt 0:00:07]} 6. bxc3 {[%emt 0:00:04]} Bg7 {[%emt 0:00:08]} 7. Bb5+ {[%emt 0:00:04]} c6 {[%emt 0:01:27]} 8. Ba4 {[%emt 0:00:08]} O-O {[%emt 0:00:34]} 9. Nf3 {[%emt 0:00:06]} Qa5 {[%emt 0:00:48]} 10. O-O {[%emt 0:00:59]} Qxc3 {[%emt 0:00:43]} 11. Rb1 {[%emt 0:00:04]} Qa5 {[%emt 0:03:18]} 12. Bg5 {[%emt 0:00:08]} Qd8 {[%emt 0:05:46]} 13. h3 {[%emt 0:08:34]} Nd7 {[%emt 0:05:17]} 14. Qc1 {[%emt 0:12:18]} Kh8 {[%emt 0:13:46]} 15. Bb3 {[%emt 0:19:59]} f6 {[%emt 0:16:58]} 16. Bh4 {[%emt 0:11:22]} Qe8 {[%emt 0:07:53]} 17. d5 {[%emt 0:05:17]} Nb6 {[%emt 0:07:24]} 1/2-1/2

[Event "88th UKR-ch 2019"]
[Site "Lutsk"]
[Date "2019.12.11"]
[Round "2.3"]
[White "Golubka, Petro"]
[Black "Kuzubov, Yuriy"]
[Result "1/2-1/2"]
[WhiteElo "2479"]
[BlackElo "2667"]
[Annotator "TA"]
[PlyCount "57"]
[EventDate "2019.12.10"]
[EventType "tourn"]
[EventCountry "UKR"]
[SourceTitle "playchess.com"]
[Source "ChessBase"]
[SourceQuality "1"]

{[%evp 9,57,9,18,20,2,5,17,11,8,12,21,10,12,17,15,6,8,0,0,0,0,-7,0,0,0,0,0,0,0,0,0,-7,0,0,0,0,0,0,14,0,22,20,22,23,30,18,22,0,20,28]} 1. d4 Nf6 2. c4 e6 3. Nf3 d5 4. Nc3 Nbd7 5. Qc2 c5 6. cxd5 {D37: Queen's Gambit Declined: 5 Bf4} Nxd5 7. Bg5 Qa5 8. Bd2 {[#] Strongly threatening Nxd5.} cxd4 9. Nxd4 Nxc3 10. a3 $146 ({Predecessor:} 10. Qxc3 Qxc3 11. Bxc3 a6 12. g3 Nb6 13. Bg2 {½-½ (30) Parligras,M (2645)-Kuzubov,Y (2660) Sovata 2018}) 10... Qa4 {...Qxc2 is the strong threat.} 11. Qxc3 {And now e3 would win.} Bc5 12. e3 {[#] Black must now prevent Bb5.} Bxd4 13. Qxd4 Qxd4 14. exd4 Nf6 15. Bg5 Nd5 16. Bc4 Nb6 17. Bd3 Bd7 18. f3 Bc6 19. Kf2 h6 20. Be3 Nd5 21. Rac1 Nxe3 22. Kxe3 Ke7 23. Rc5 Rhd8 24. Rhc1 Rd7 25. Be4 Bxe4 26. fxe4 Rad8 27. Rc7 f5 28. g3 Kd6 29. Rc8 {Accuracy: White = 72%, Black = 77%.} 1/2-1/2

[Event "88th UKR-ch 2019"]
[Site "Lutsk"]
[Date "2019.12.11"]
[Round "2.4"]
[White "Kryvoruchko, Yuriy"]
[Black "Moiseenko, Alexander"]
[Result "1-0"]
[WhiteElo "2675"]
[BlackElo "2623"]
[Annotator "TA"]
[PlyCount "49"]
[EventDate "2019.12.10"]
[EventType "tourn"]
[EventCountry "UKR"]
[SourceTitle "playchess.com"]
[Source "ChessBase"]
[SourceQuality "1"]

{[%evp 10,49,22,22,16,-36,0,0,0,0,0,0,27,26,132,32,144,140,137,144,130,126,206,206,272,270,432,461,854,815,851,827,652,645,29993,29994,29994,29990,29995,29996,29997,29998]} 1. e4 c5 2. Nf3 Nc6 3. Nc3 e5 4. Bc4 Be7 5. d3 Nf6 6. Ng5 O-O $1 {B30: Sicilian: 2...Nc6 3 Bb5, lines without ...g6} 7. h4 (7. O-O $11) 7... Na5 8. f4 $1 {Black must now prevent Bxf7+.} Nxc4 {The position is equal.} 9. dxc4 d6 10. f5 h6 $146 ({Predecessor:} 10... h5 11. Nd5 Ng4 12. a4 Bd7 13. Ne3 Nf6 14. g4 {1-0 (30) Dubov,D (2660)-Gelfand,B (2725) Moscow 2016}) 11. Qf3 Bd7 (11... Rb8 $11 {keeps the balance.}) 12. Nh3 ({Better is} 12. g4 $1 $16) 12... b5 (12... Nh7 $1 $14) 13. g4 $1 $16 b4 ({Don't play} 13... bxc4 $6 14. g5 $14) 14. Nd1 Bc6 15. Nhf2 {[#]} Nxe4 (15... d5 $1 $16 {[%mdl 512]}) 16. Nxe4 $18 Bxh4+ 17. Ndf2 Bxf2+ (17... d5 {keeps fighting.}) 18. Kxf2 d5 {[#]} (18... f6 $142 19. Nxf6+ {[%mdl 64] Discovered Attack} Qxf6 20. Qxc6 Rab8) 19. Bxh6 $1 {[%mdl 512]} dxe4 (19... gxh6 20. Nxc5) 20. Qh3 {Strongly threatening Be3.} f6 21. Be3 {Hoping for Qh7+.} Qe7 22. Qh7+ {White mates.} Kf7 23. Qg6+ Kg8 {[#]} 24. Rh7 $1 {[%mdl 512]} Be8 {[#]} 25. Rah1 $1 {[%mdl 512] Accuracy: White = 74%, Black = 25%.} 1-0

[Event "88th UKR-ch 2019"]
[Site "Lutsk"]
[Date "2019.12.11"]
[Round "2.5"]
[White "Eljanov, Pavel"]
[Black "Vysochin, Spartak"]
[Result "1-0"]
[WhiteElo "2663"]
[BlackElo "2512"]
[Annotator "TA"]
[PlyCount "83"]
[EventDate "2019.12.10"]
[EventType "tourn"]
[EventCountry "UKR"]
[SourceTitle "playchess.com"]
[Source "ChessBase"]
[SourceQuality "1"]

{[%evp 12,83,13,22,13,8,12,14,16,19,14,13,17,0,25,15,22,4,34,35,16,0,69,58,73,69,71,71,163,150,142,71,63,87,176,120,135,117,181,198,185,186,268,256,334,311,330,150,169,0,288,230,275,261,339,333,873,854,698,193,562,354,830,822,771,769,722,647,631,579,5161,5065,4714,4714]} 1. d4 d5 2. c4 c6 3. Nf3 Nf6 4. Nc3 dxc4 5. a4 e6 6. e3 c5 7. Bxc4 Nc6 {D16: Slav Defence: 5 a4: Lines with 5...Bg4 and 5...Na6} 8. O-O cxd4 9. Nxd4 Bd7 {The position is equal.} 10. e4 Nxd4 11. Qxd4 {Strongly threatening e5.} Bc6 12. Qe3 Qa5 $146 ({Predecessor:} 12... Be7 13. e5 Nd7 14. Qg3 g6 15. Rd1 {½-½ (30) Yu,Y (2749)-Duda,J (2697) Khanty-Mansiysk 2017}) 13. Bb5 $36 {[%mdl 2048] White has good play.} Bxb5 14. Nxb5 Bb4 (14... a6 $5 {[%cal Ra6b5]} 15. Bd2 Qd8 $11) 15. e5 Nd5 16. Qg3 Kf8 (16... g6 $11) 17. Be3 $14 h5 18. h3 a6 19. Nd6 Qc7 (19... h4 $16 20. Qg4 Bxd6 21. exd6 Qd8) 20. Rac1 $18 Qd7 21. Bc5 (21. Rfd1 $142) 21... Bxc5 $16 22. Rxc5 h4 (22... b6 $16 23. Rc4 g6) 23. Qf3 (23. Qg4 $18 Rd8 24. a5) 23... g6 24. Rfc1 Kg7 (24... Rd8 $16) 25. Qg4 $18 {[#] Rxd5! is the strong threat.} Rad8 26. a5 Rh5 (26... f5 $142 27. Qd4 Qe7) 27. Qd4 {And now Rxd5 would win.} Qe7 {[#] and if ...Qg5 works, Black does fine.} 28. f4 $1 Kg8 29. Rc8 (29. b4 $18 {is more deadly.}) 29... Kg7 $16 30. R8c5 (30. Rxd8 $142 Qxd8 31. Nxb7) 30... Kg8 $1 $18 31. Kh2 Rh8 32. b4 {[%cal Bb2b4,Bb4b5][%mdl 32]} Kh7 33. b5 Rxd6 $2 (33... Rd7 34. b6 Rf8) 34. exd6 Qxd6 35. Qe5 $2 (35. Rc8 {[%csl Gd4][%cal Rc8h8]} Rd8 36. b6) 35... Rd8 $2 (35... Qxe5 36. fxe5 axb5 37. Rxb5 Ra8) 36. b6 {Black must now prevent Qxd6.} Nxf4 $2 (36... Qf8 37. Qg5 Qe8) 37. Qxd6 {White is clearly winning.} Rxd6 {KRR-KRN} 38. Rc7 Kg7 39. R1c2 Nh5 40. Rf2 Ng3 {Threatens to win with ...Rd1.} 41. Rfxf7+ Kh6 42. Rfd7 {Accuracy: White = 68%, Black = 36%.} 1-0

[Event "88th UKR-ch 2019"]
[Site "Lutsk"]
[Date "2019.12.12"]
[Round "3.1"]
[White "Kovchan, Alexander"]
[Black "Volokitin, Andrei"]
[Result "1/2-1/2"]
[WhiteElo "2572"]
[BlackElo "2641"]
[Annotator "TA"]
[PlyCount "36"]
[EventDate "2019.12.10"]
[EventType "tourn"]
[EventCountry "UKR"]
[SourceTitle "playchess.com"]
[Source "ChessBase"]
[SourceQuality "1"]

{[%evp 9,36,-11,0,-6,0,9,0,0,19,14,16,-15,16,15,15,0,0,0,0,0,-17,-17,-12,-11,0,-17,-13,-20,0]} 1. Nf3 d5 2. d4 Nf6 3. g3 Bf5 4. Bg2 e6 5. Nbd2 h6 {The position is equal.} 6. b3 {D02: 1 d4 d5 2 Nf3 sidelines, including 2...Nf6 3 g3 and 2...Nf6 3 Bf4} (6. O-O Be7 7. b3 O-O 8. Bb2 Nbd7 9. Ne5 a5 10. a3 Bh7 11. c4 c6 12. Re1 Nxe5 13. dxe5 Nd7 14. cxd5 exd5 15. f4 Nc5 16. Kh1 f6 17. exf6 Bxf6 18. Bxf6 Qxf6 19. b4 axb4 20. axb4 {0-1 (34) Van der Lende,I (2347)-Bok,B (2592) Netherlands 2016}) 6... c5 7. Bb2 $146 ({Predecessor:} 7. c4 Nc6 8. Bb2 dxc4 9. Nxc4 cxd4 10. Nxd4 Bb4+ 11. Kf1 Nxd4 12. Bxd4 {0-1 (45) Szabo,Z (1910)-Antal,A (1870) Paks 1999}) 7... Nc6 8. O-O Qb6 {[%cal Rc5d4]} 9. dxc5 Bxc5 10. e3 Be7 11. Nd4 Bg4 12. Qb1 Nxd4 13. Bxd4 Qa5 14. c3 Bf5 15. Qd1 O-O 16. Qe2 Rac8 17. h3 Rfd8 18. Rfd1 Qc7 {Accuracy: White = 56%, Black = 46%.} 1/2-1/2

[Event "88th UKR-ch 2019"]
[Site "Lutsk"]
[Date "2019.12.12"]
[Round "3.2"]
[White "Kuzubov, Yuriy"]
[Black "Shtembuliak, Evgeny"]
[Result "0-1"]
[WhiteElo "2667"]
[BlackElo "2600"]
[Annotator "TA"]
[PlyCount "72"]
[EventDate "2019.12.10"]
[EventType "tourn"]
[EventCountry "UKR"]
[SourceTitle "playchess.com"]
[Source "ChessBase"]
[SourceQuality "1"]

{[%evp 12,122,10,-3,29,30,39,41,44,43,56,45,59,43,38,39,35,40,60,41,65,38,55,35,29,35,37,21,19,11,22,0,31,7,34,-11,44,19,22,23,18,27,28,8,68,62,82,68,72,74,85,70,85,0,139,142,119,-83,-91,-68,-73,-66,-65,-205,-188,-210,-204,-184,-179,-270,-253,-260,-257,-296,-183,-412,-375,-362,-198,-210,-222,-212,0,-419,-401,-383,-380,-418,-411,-472,-445,-754,-752,-859,-727,-639,-707,-671,-662,-6506,-6498,-6498,-6404,-5077,-2033,-29968,-5185,-29978,-29979,-29995,-29996,-29996,-29997]} 1. d4 d5 2. c4 e6 3. Nc3 Bb4 4. e3 Nf6 5. Nge2 O-O 6. a3 Bd6 7. Ng3 dxc4 {E46: Nimzo-Indian: Rubinstein: 4 e3 0-0 5 Ne2 without early Bd3} (7... c6 8. Be2 e5 9. O-O dxc4 10. Bxc4 exd4 11. exd4 Nbd7 12. Ba2 Nb6 13. Bg5 h6 14. Bxf6 Qxf6 15. Nge4 {½-½ (30) Babula,V (2549)-Hracek,Z (2585) Ostrava 2019}) 8. Bxc4 e5 9. d5 Re8 {White is slightly better.} 10. e4 a6 $146 ({Predecessor:} 10... c6 11. O-O cxd5 12. exd5 Nbd7 13. Ba2 {½-½ (48) Andersson,T (2395)-Svenn,G (2317) Sweden 2017}) 11. O-O Nbd7 {[%cal Bb8d7,Bd7b6,Bb6c8,Bc8d6][%mdl 32]} 12. Nf5 Bf8 13. Ba2 Nb6 14. Ng3 Bd6 15. h3 Bd7 16. Qf3 Nc8 17. Bg5 Be7 18. Be3 Nd6 19. Rac1 h6 20. Qe2 Nh7 21. Rc2 Bg5 22. Rfc1 Rc8 23. Bb3 g6 (23... Bf4 $11) 24. Bxg5 Qxg5 25. Ba4 $36 {[%mdl 2048] White has good play.} b5 26. Bb3 f5 27. Nf1 f4 ({Black should try} 27... Nf6 $11) 28. Qd3 Qh4 29. Nh2 Ng5 30. f3 Kh8 31. Kh1 h5 32. Ne2 (32. Nd1 $16) 32... Bxh3 (32... Red8 $11 {keeps the balance.}) 33. gxh3 $16 Nxh3 {White must now prevent ...Nf2+.} 34. Ng1 $2 (34. Qd2 $16) 34... Nf2+ $17 35. Rxf2 Qxf2 36. Rc2 Qe1 {Played: Qf2-h4} 0-1

[Event "88th UKR-ch 2019"]
[Site "Lutsk"]
[Date "2019.12.12"]
[Round "3.4"]
[White "Vysochin, Spartak"]
[Black "Kryvoruchko, Yuriy"]
[Result "1/2-1/2"]
[WhiteElo "2512"]
[BlackElo "2675"]
[Annotator "TA"]
[PlyCount "32"]
[EventDate "2019.12.10"]
[EventType "tourn"]
[EventCountry "UKR"]
[SourceTitle "playchess.com"]
[Source "ChessBase"]
[SourceQuality "1"]

{[%evp 15,32,10,19,17,34,24,31,14,37,47,25,0,0,0,0,0,0,1,4]} 1. e4 c5 2. Nf3 Nc6 3. Bb5 g6 4. O-O Bg7 5. c3 Nf6 6. Re1 O-O 7. h3 a6 8. Bxc6 dxc6 9. d4 {B31: Sicilian: 2...Nc6 3 Bb5 g6} Nd7 $146 (9... cxd4 10. cxd4 {½-½ (10) Riff,J (2487)-Cornette,M (2496) Mulhouse 2008}) 10. Be3 cxd4 11. cxd4 {White is slightly better.} e5 12. Nc3 b5 13. Qd2 exd4 {The position is equal.} 14. Bxd4 Ne5 15. Nxe5 Bxe5 16. Rad1 Bxd4 1/2-1/2